[Event "POL-ch Blitz U18 Girls"]
[Site "Bydgoszcz"]
[Date "2023.08.31"]
[Round "8"]
[White "Borowik, Monika"]
[Black "Rusiecki, Katarzyna"]
[Result "0-1"]
[WhiteElo "1361"]
[BlackElo "1412"]
[PlyCount "146"]
[EventDate "2023.08.28"]
[EventType "swiss"]
[EventRounds "9"]
[EventCountry "POL"]
[SourceTitle "EXT 2024"]
[Source "ChessBase"]
[SourceDate "2023.10.10"]
[SourceVersion "1"]
[SourceVersionDate "2023.10.10"]
[SourceQuality "1"]

1. d4 e6 2. c4 f5 3. Nc3 Nf6 4. e3 Be7 5. Nf3 0-0 6. Bd3 d6 7. 0-0 Qe8 8. Nb5 Bd8 9. Qc2 a6 10. Nc3 Nc6 11. a3 Ne7 12. b4 Qh5 13. Be2 Qg6 14. Nh4 Qf7 15. Nf3 h6 16. d5 e5 17. c5 Nfxd5 18. Nxd5 Nxd5 19. Rd1 Be6 20. Bc4 Nf6 21. Bxe6 Qxe6 22. cxd6 cxd6 23. Bb2 Be7 24. Qc7 b5 25. Rac1 Rfc8 26. Qb6 Rcb8 27. Qc7 Ne8 28. Qc3 Rc8 29. Qd2 Nf6 30. Rc3 Ne4 31. Rxc8+ Rxc8 32. Qd3 Nf6 33. Qd2 Qb3 34. Rc1 Rxc1+ 35. Qxc1 Kh7 36. h3 Ne4 37. Nd2 Nxd2 38. Qxd2 Bf6 39. Bc1 Qe6 40. Bb2 d5 41. Qc2 e4 42. Bxf6 Qxf6 43. Qc5 Qe6 44. Qd4 g5 45. Qa7+ Kg6 46. Qd4 f4 47. exf4 gxf4 48. Kh2 h5 49. Qd2 e3 50. Qd3+ Qe4 51. Qxe4+ dxe4 52. fxe3 fxe3 53. Kg1 Kg5 54. Kf1 Kf4 55. Ke2 Kg3 56. Kxe3 Kxg2 57. Kxe4 Kxh3 58. Kd5 Kg3 59. Kc6 h4 60. Kb6 h3 61. Kxa6 h2 62. Kxb5 h1Q 63. a4 Qb7+ 64. Ka5 Qa7+ 65. Kb5 Kf4 66. a5 Ke5 67. Kc6 Ke6 68. b5 Qxa5 69. b6 Qa4+ 70. Kc7 Qc4+ 71. Kb8 Qb5 72. b7 Kd7 73. Ka8 Kc7 0-1